Statistics for Creators of Every Featured “Country Quiz” on JetPunk

Click here to take the quiz!

General Stats

  • This quiz has been taken 50 times
  • The average score is 113 of 198

Answer Stats

Country QuizCreator% Correct
Brazil | Canada | China | +24 othersQuizmaster
94%
Afghanistan | Albania | Andorra | +93 othersAaron197
65%
Argentina | Austria | Belgium | +28 othersalberici
53%
Georgia | North MacedoniaJerry928
50%
MaltaGeoPhilia
38%
Saint LuciaHinesBrothers
38%
Palestine | Saudi Arabiakalbahamut
35%
United KingdomQuizzer6794
35%
Croatia | Liechtenstein | MonacoKoljiVriVoda
32%
KazakhstanEtanna
29%
Saint Vincent & the GrenadinesKingEureka
29%
Ecuador | United Statesmanchesterutd10
24%
PakistanEigengrau
21%
Azerbaijan | Bahamas | Barbados | Belarusburntfrost
18%
AlgeriaDenzal
18%
JamaicaJiaozira
18%
AustraliaMitchellDavid
18%
Malawi | Zambia | Zimbabweskiesboy
18%
Czech Republiccamus
15%
BulgariaMogysht
15%
Bosnia & Herzegovinableumarine22
12%
UzbekistanDifluzi
12%
VenezuelaOmarVP
12%
North Korearailway14
12%
RomaniaSergiu1998
12%
UgandaxXSeanCuber22Xx
12%
Kosovobluelion32
9%
Naurucarawebo
9%
PanamaElijahCaine
9%
Paraguaymburucuya
9%
TuvaluPinoccio
9%
San MarinoPullasorsa
9%
MaldivesSM1
9%
BurundiTheRealXboxNerd
9%
SerbiaXottDawyd
9%
Boliviaapplescrumper
6%
Estoniadelucrist
6%

Score Distribution

Percentile by Number Answered

Percent of People with Each Score

Your Score History

You have not taken this quiz